| 000 -LEADER |
| fixed length control field |
00413nam a22001577a 4500 |
| 008 - FIXED-LENGTH DATA ELEMENTS--GENERAL INFORMATION |
| fixed length control field |
220823b ||||| |||| 00| 0 eng d |
| 020 ## - INTERNATIONAL STANDARD BOOK NUMBER |
| International Standard Book Number |
9789391019747 |
| 082 ## - DEWEY DECIMAL CLASSIFICATION NUMBER |
| Classification number |
158.1 |
| Item number |
SHA |
| 100 ## - MAIN ENTRY--PERSONAL NAME |
| Personal name |
Sharma, Robin |
| 245 ## - TITLE STATEMENT |
| Title |
The everyday hero manifesto |
| 260 ## - PUBLICATION, DISTRIBUTION, ETC. (IMPRINT) |
| Place of publication, distribution, etc |
Mumbai |
| Name of publisher, distributor, etc |
Jaico publishing house |
| Date of publication, distribution, etc |
2021 |
| 300 ## - PHYSICAL DESCRIPTION |
| Extent |
ix, 384p. |
| Other physical details |
pb |
| 650 ## - SUBJECT ADDED ENTRY--TOPICAL TERM |
| Topical term or geographic name as entry element |
Self-actualization (Psychology) |
| 650 ## - SUBJECT ADDED ENTRY--TOPICAL TERM |
| Topical term or geographic name as entry element |
Success |
| 942 ## - ADDED ENTRY ELEMENTS (KOHA) |
| Item type |
Books |